Ο άνθρωπος αυτός ο άγνωστος ; Σκέψεις για τον άνθρωπο και την ζωή

Αποθηκεύτηκε σε:
Λεπτομέρειες βιβλιογραφικής εγγραφής
Κύριος συγγραφέας: Carrel, Alexis, 1873-1944
Άλλοι συγγραφείς: Τζάρτζανος, Νάσος Α. (Μεταφραστής)
Μορφή: Βιβλίο
Γλώσσα:Greek
French
Δημοσίευση: [Αθήνα] : Κακουλίδης, [1952].
Έκδοση:2η έκδ.
Θέματα:
Ετικέτες: Προσθήκη ετικέτας
Δεν υπάρχουν, Καταχωρήστε ετικέτα πρώτοι!

MARC

LEADER 00000cam a2200000 i 4500
001 1/28312
008 060417q19501960gr | ||| |||| | gre||
035 |l 10083622 
040 |a GR-MyUa  |b gre  |e AACR2  
041 1 |a gre  |h fre 
082 7 |a 128   |2 (22)  
100 1 |a Carrel, Alexis,   |d 1873-1944. 
245 1 2 |a Ο άνθρωπος αυτός ο άγνωστος ;   |b Σκέψεις για τον άνθρωπο και την ζωή / Alexis Carrel ; ελληνική απόδοση: Νάσου Α. Τζαρτζάνου. 
250 |a 2η έκδ.  
260 |a [Αθήνα] :   |b Κακουλίδης,   |c [1952].  
300 |a 284 σ. ;   |c 21 εκ.  
500 |a Tίτλος πρωτοτύπου: L' homme, cet inconnu 
650 0 |a Anthropology  |x Philosophy. 
650 0 |a Mind and body. 
650 0 |a Human beings. 
650 0 |a Philosophical anthropology. 
700 1 |a Τζάρτζανος, Νάσος Α.  |e trl 
740 0 |a Σκέψεις για τον άνθρωπο και την ζωή. 
852 |a INST  |b RHODES  |c KRI  |e 20060417  |h  128 CAR  |p 005400028049  |q 005400028049  |t BK  |y 0 
901 |a BIBL4-2006-1 
970 |a Κόζα   |b Μαρία   |z 2006/04/17